Pseudo-Ezekiel and the original prophecy. (Record no. 16968)
[ view plain ]
| 000 -LEADER | |
|---|---|
| fixed length control field | 00852nam a2200193 4500 |
| 008 - FIXED-LENGTH DATA ELEMENTS--GENERAL INFORMATION | |
| fixed length control field | 030915r19701930nyu b 001 0 eng |
| 020 ## - INTERNATIONAL STANDARD BOOK NUMBER | |
| International Standard Book Number | 0870681168 :USD28.00 |
| 090 ## - LOCALLY ASSIGNED LC-TYPE CALL NUMBER (OCLC); LOCAL CALL NUMBER (OCLC) | |
| Classification number (OCLC) (R) ; Classification number, CALL (RLIN) (NR) | BS1545.2 |
| Local cutter number (OCLC) ; Book number/undivided call number, CALL (RLIN) | T63p |
| 100 1# - MAIN ENTRY--PERSONAL NAME | |
| Personal name | Torrey, Charles Cutler, |
| Dates associated with a name | 1863-1956. |
| 245 10 - TITLE STATEMENT | |
| Title | Pseudo-Ezekiel and the original prophecy. |
| 260 ## - PUBLICATION, DISTRIBUTION, ETC. (IMPRINT) | |
| Place of publication, distribution, etc | New York, |
| Name of publisher, distributor, etc | Ktav Pub. House, |
| Date of publication, distribution, etc | 1970. |
| 300 ## - PHYSICAL DESCRIPTION | |
| Extent | xxxix, 11-261 p. |
| Dimensions | 24 cm. |
| 490 1# - SERIES STATEMENT | |
| Series statement | The Library of Biblical studies |
| 500 ## - GENERAL NOTE | |
| General note | Reprint of the 1930 ed. issued as Yale oriental series, researches, v. 18, with critical articles by S. Spiegel and C. C. Torrey (p. [121]-261) and a prolegomenon by M. Greenberg. |
| 504 ## - BIBLIOGRAPHY, ETC. NOTE | |
| Bibliography, etc | Bibliography: p. xxxix. |
| 650 #4 - SUBJECT ADDED ENTRY--TOPICAL TERM | |
| Topical term or geographic name as entry element | Bible. O.T. Ezekiel |
| General subdivision | Criticism, interpretation, etc. |
| 951 ## - EQUIVALENCE OR CROSS-REFERENCE-GEOGRAPHIC NAME/AREA NAME [OBSOLETE] [CAN/MARC only] | |
| General subdivision | 00025409 |
| 700 1# - ADDED ENTRY--PERSONAL NAME | |
| Personal name | Spiegel, Shalom, |
| Dates associated with a name | 1899- |
| 951 ## - EQUIVALENCE OR CROSS-REFERENCE-GEOGRAPHIC NAME/AREA NAME [OBSOLETE] [CAN/MARC only] | |
| -- | 26435 |
| -- | BS1545.2/T63p |
| -- | 070613111312109 |
| -- | 2000-12-21 |
| -- | REF |
| Withdrawn status | Lost status | Damaged status | Not for loan | Home library | Current library | Shelving location | Date acquired | Accession number | Shelving control number | Total Checkouts | Full call number | Barcode | Date last seen | Price effective from | Koha item type |
|---|---|---|---|---|---|---|---|---|---|---|---|---|---|---|---|
| BSOP Library | BSOP Library | Reference | 12/21/2000 | 26435 | 127 | BS1545.2/T63p | 00025409 | 02/23/2013 | 02/23/2013 | Books |
